Denmark

Gespeichert in:
Bibliographische Detailangaben
Körperschaft: OECD. Development Assistance Committee
Format: Buch
Sprache:Englisch
Veröffentlicht: Paris OECD 1999
Schriftenreihe:Development Co-operation Review Series No. 33
Schlagworte:
Tags: Tag hinzufügen
Keine Tags, Fügen Sie das erste Tag hinzu!

MARC

LEADER 00000nam a2200000 4500
001 c122090
005 20221221084215.0
020 |a 92-64-17070-7 
041 0 |a eng 
044 |a FR 
245 1 0 |a Denmark 
264 1 |a Paris  |b OECD  |c 1999 
300 |a 79 s. 
490 1 |a Development Co-operation Review Series  |v No. 33 
830 0 |a Development Co-operation Review Series  |v No. 33 
610 2 0 |a pomoc hospodárska 
610 2 0 |a pomoc rozvojová 
610 2 0 |a pomoc zahraničná 
610 2 0 |a programy rozvojové 
610 2 0 |a programy sociálne 
610 2 0 |a multilateralita 
610 2 0 |a krajiny rozvojové 
610 2 0 |a krajiny vyspelé 
610 2 0 |a Dánsko 
610 2 0 |a OECD 
710 2 |a OECD. Development Assistance Committee